000 00647nam a2200193Ia 4500
008 151121s9999||||xx |||||||||||||| ||und||
082 _a787।6/जैन
082 _bHNW-58546
100 _aजैन चिंतामणी
245 _aगिटार मास्टर
260 _b"संगीत कार्यालय, हाथरस,उत्तरप्रदेश"
260 _c--
300 _a78
600 _aजैन चिंतामणी
630 _aगिटार मास्टर
700 _aजैन चिंतामणी
730 _aगिटार मास्टर
942 _cBOOK
999 _c1240360
_d1240357